00281nam a2200109Ia 4500008004100000041000800041082001200049100002400061245002100085260003300106300003200139240624s9999 xx 000 0 und d aeng a658 SAE aSAEED KHAWAJA AMJAD aMANAGEMENT CASES c2000aNew DelhibExcel Books axvii, : 264 : p. : cm. ; 24